| 000 | 00516nam a22002057a 4500 | ||
|---|---|---|---|
| 003 | CEME | ||
| 005 | 20210628203024.0 | ||
| 008 | 210115b xxu||||| |||| 00| 0 eng d | ||
| 020 | _a9780070146228 | ||
| 040 | _c. | ||
| 082 | _a519.2 LIP | ||
| 100 |
_aLipschutz, Seymour _98529 |
||
| 245 | _aSchaum's outline of probability | ||
| 250 | _a2ND | ||
| 260 |
_aINDIA _bMCGRAW HILL _c2015 |
||
| 300 | _aX, 320P | ||
| 650 |
_aPROBABILITY.SET THEORY. _962920 |
||
| 700 |
_aLipson, Marc Lars _962921 |
||
| 942 |
_cBK _2ddc |
||
| 999 |
_c571871 _d571871 |
||